|
|
|
|
| LEADER |
02610nam a2200577 a 4500 |
| 001 |
nkc20071751796 |
| 003 |
CZ PrNK |
| 005 |
20081219150853.0 |
| 007 |
ta |
| 008 |
081014s2007 xr a f m 000 0 cze |
| 015 |
|
|
|a cnb001751796
|
| 020 |
|
|
|a 978-80-248-1566-4
|q (brož.) :
|c neprodejné
|
| 035 |
|
|
|a (OCoLC)276814785
|
| 040 |
|
|
|a ABA001
|b cze
|
| 041 |
0 |
|
|a cze
|b eng
|
| 072 |
|
7 |
|a 622
|x Hornictví
|2 Konspekt
|9 19
|
| 080 |
|
|
|a 622.236
|2 MRF
|
| 080 |
|
|
|a 622.23.05
|2 MRF
|
| 080 |
|
|
|a 622.343/.349
|2 MRF
|
| 080 |
|
|
|a (043.3)378.245
|2 MRF
|
| 080 |
|
|
|a (048.3)
|2 MRF
|
| 100 |
1 |
|
|a Valíček, Petr
|7 mzk2008473154
|4 dis
|
| 245 |
1 |
0 |
|a Řešení problematiky rozpojovacích orgánů pro stroje na dobývání platinové rudy :
|b autoreferát doktorské disertační práce /
|c Petr Valíček
|
| 246 |
3 |
|
|a Solving of problems disconnecting parts of machine for breaking of platinum ore
|
| 250 |
|
|
|a 1. vyd.
|
| 260 |
|
|
|a Ostrava :
|b VŠB - Technická univerzita,
|c 2007
|
| 300 |
|
|
|a 40 s. :
|b il. ;
|c 21 cm
|
| 490 |
1 |
|
|a Vědecké spisy Fakulty strojní. Autoreferáty disertačních prací ;
|v sv. 98
|
| 500 |
|
|
|a Na obálce souběžný anglický název: Solving of problems disconnecting parts of machine for breaking of platinum ore
|
| 500 |
|
|
|a Autoreferát disertační práce (Ph.D.)--Vysoká škola báňská - Technická univerzita Ostrava, Fakulta strojní, katedra výrobních strojů a konstruování, 2007
|
| 500 |
|
|
|a Studijní obor 2302V019 Stavba výrobních strojů a zařízení
|
| 504 |
|
|
|a Obsahuje bibliografii
|
| 546 |
|
|
|a Anglické resumé
|
| 650 |
0 |
7 |
|a rozpojování hornin
|7 ph125267
|2 czenas
|
| 650 |
0 |
7 |
|a důlní stroje
|7 ph138244
|2 czenas
|
| 650 |
0 |
7 |
|a těžba platiny
|7 ph139223
|2 czenas
|
| 650 |
0 |
9 |
|a disintegration of rock
|2 eczenas
|
| 650 |
0 |
9 |
|a mining machines
|2 eczenas
|
| 650 |
0 |
9 |
|a platinum mining
|2 eczenas
|
| 655 |
|
7 |
|a doktorské disertace
|7 fd186751
|2 czenas
|
| 655 |
|
7 |
|a autoreferáty
|7 fd131857
|2 czenas
|
| 655 |
|
9 |
|a higher doctoral dissertations
|2 eczenas
|
| 655 |
|
9 |
|a autoabstracts
|2 eczenas
|
| 710 |
2 |
|
|a Vysoká škola báňská - Technická univerzita Ostrava.
|b Katedra výrobních strojů a konstruování
|7 kn20020409002
|
| 810 |
2 |
|
|a Vysoká škola báňská - Technická univerzita Ostrava.
|b Strojní fakulta.
|t Vědecké spisy.
|p Autoreferáty disertačních prací
|0 s
|
| 910 |
2 |
|
|a BOA001
|b 2-1214.102
|
| 928 |
9 |
|
|a Vysoká škola báňská - Technická univerzita
|
| 990 |
|
|
|a BK
|
| 995 |
|
|
|a 01
|
| 991 |
|
|
|b 200811
|c NOV
|
| 996 |
6 |
|
|b 2610359039
|c 2-1214.102
|l MZK
|r Sklad / do 1 hodiny
|n 0
|p p.v.
|w 000915607
|u 000010
|a 1
|e BOA001
|j MZK50
|s P
|